000 00885nas a2200265 4500
001 BR0405909
003 BR-BrBNA
005 20231205105036.0
007 ta
008 230509b bl.|||p| |||| 00| 00por d
040 _aBR-BrBNA
_bpor
_cBiblioteca Nacional de Agricultura
041 _a(En)
072 _aL72
100 1 _aFerreira, R.L.M.
100 1 _aRafael, J.A.
245 1 _aActivities of tabanids (Diptera, Tabanidae)attacking domestic duck-Cairina moschata (Linnaeus)(Aves, Anatidae), introduced in a forest area in the Central Amazon, Manaus, Brazil
650 _aPATO
650 _aINSETO
650 _aPRAGA DE ANIMAL
650 _aHOSPEDEIRO
650 _aAMAZÔNIA
773 0 _tRevista Brasileira de Entomologia (Brazil)
_xISSN 0085-5626
_g(Apr-Jun 2004), v. 48(2) p. 283-286
_wBR0405909
909 _a202311
_bLúcia
_c55
_dLúcia Elande
942 _2AGRIS
_n0
_cANA
999 _c180935
_d180935